[Event "ENCI Limburg-open B"]
[Site "Maastricht"]
[Date "2011.06.12"]
[Round "4"]
[White "Geboers, Jimmy"]
[Black "Peter, Laurenz"]
[Result "1-0"]
[WhiteElo "1927"]
[BlackElo "1844"]
[PlyCount "67"]
[EventDate "2011.06.10"]
[EventType "swiss"]
[EventRounds "7"]
[EventCountry "NED"]
[Source "P.Boonen"]
[SourceDate "2012.01.01"]

1. d4 d5 2. c4 c6 3. Nc3 Nf6 4. e3 e6 5. Nf3 Nbd7 6. Bd3 dxc4 7. Bxc4 b5 8. Bd3
a6 9. e4 c5 10. d5 c4 11. Bc2 Qc7 12. dxe6 fxe6 13. O-O Bc5 14. Qe2 O-O 15. e5
Ng4 16. Qe4 Ndxe5 17. Qxh7+ Kf7 18. Ng5+ Ke8 19. Bg6+ Kd8 20. Rd1+ Nd3 21. Nge4
Bxf2+ 22. Nxf2 Ngxf2 23. Bg5+ Kd7 24. Qxg7+ Kc6 25. Qxf8 Bb7 26. Qf3+ Kb6 27.
Be3+ Ka5 28. Ne4 Nxd1 29. Qxd1 Bxe4 30. Bxe4 Rh8 31. Qd2+ b4 32. g3 Rd8 33. a3
c3 34. axb4+ 1-0

[Event "ENCI Limburg-open B"]
[Site "Maastricht"]
[Date "2011.06.12"]
[Round "4"]
[White "Gerlagh, Joris"]
[Black "Sluiter, Jan"]
[Result "1/2-1/2"]
[WhiteElo "1776"]
[BlackElo "1859"]
[PlyCount "75"]
[EventDate "2011.06.10"]
[EventType "swiss"]
[EventRounds "7"]
[EventCountry "NED"]
[Source "P.Boonen"]
[SourceDate "2012.01.01"]

1. e4 c5 2. Nc3 g6 3. f4 Bg7 4. Nf3 e6 5. Bc4 Nc6 6. O-O Nge7 7. e5 O-O 8. Ne4
a6 9. a4 b6 10. c3 Nf5 11. g4 d5 12. gxf5 exf5 13. Bxd5 Qxd5 14. Nd6 Nd8 15. d4
cxd4 16. Qxd4 Qxd4+ 17. cxd4 Be6 18. Bd2 Nc6 19. Bc3 Bd5 20. Nd2 Rfd8 21. N2c4
Bxc4 22. Nxc4 Nxd4 23. Nxb6 Ne2+ 24. Kf2 Nxc3 25. bxc3 Rd2+ 26. Kg3 Rad8 27. c4
g5 28. Nd5 gxf4+ 29. Kxf4 Rd4+ 30. Kxf5 Rxc4 31. Rad1 Re8 32. Nf6+ Bxf6 33.
exf6 Rc5+ 34. Kf4 Rc4+ 35. Kf3 Rc3+ 36. Kf4 Rc4+ 37. Kf3 Rc3+ 38. Kf4 1/2-1/2

[Event "ENCI Limburg-open B"]
[Site "Maastricht"]
[Date "2011.06.12"]
[Round "4"]
[White "Gerritsen, Diederik"]
[Black "Visser, Sebastiaan"]
[Result "1/2-1/2"]
[WhiteElo "1840"]
[BlackElo "1904"]
[PlyCount "82"]
[EventDate "2011.06.10"]
[EventType "swiss"]
[EventRounds "7"]
[EventCountry "NED"]
[Source "P.Boonen"]
[SourceDate "2012.01.01"]

1. e4 c6 2. d4 d5 3. exd5 cxd5 4. c4 dxc4 5. Bxc4 Nf6 6. Nc3 e6 7. Nf3 b6 8.
O-O Bb7 9. Ne5 Nbd7 10. Qb3 Be7 11. Re1 a6 12. Bg5 b5 13. Bxe6 fxe6 14. Qxe6
Nxe5 15. Qxe5 b4 16. Bxf6 gxf6 17. Qh5+ Kf8 18. Qh6+ Kf7 19. Qh5+ Kg7 20. Ne4
Qd5 21. Qg4+ Kf8 22. Rad1 Rg8 23. Qf4 Rg6 24. f3 Re8 25. Ng3 Bd6 26. Rxe8+ Kxe8
27. Qe3+ Kf7 28. Re1 Bc6 29. Ne4 f5 30. Nxd6+ Qxd6 31. Qd3 Bd7 32. Re5 Kg7 33.
Qe3 Kf8 34. d5 Qb6 35. Kf2 f4 36. Qxb6 Rxb6 37. Re4 Rd6 38. Rxf4+ Kg7 39. Rxb4
Rxd5 40. Rb6 a5 41. a3 a4 1/2-1/2

[Event "ENCI Limburg-open B"]
[Site "Maastricht"]
[Date "2011.06.12"]
[Round "4"]
[White "Goes, Dirk"]
[Black "Timmermans, Stefan"]
[Result "1/2-1/2"]
[WhiteElo "1956"]
[BlackElo "1845"]
[PlyCount "30"]
[EventDate "2011.06.10"]
[EventType "swiss"]
[EventRounds "7"]
[EventCountry "NED"]
[Source "P.Boonen"]
[SourceDate "2012.01.01"]

1. d4 Nf6 2. Bg5 e6 3. e3 d5 4. Bd3 c5 5. c3 Nc6 6. f4 cxd4 7. exd4 h6 8. Bxf6
Qxf6 9. g3 g5 10. Ne2 Bd6 11. O-O g4 12. Nd2 Bd7 13. Rf2 Ne7 14. Nf1 Nf5 15.
Qc2 h5 1/2-1/2

[Event "ENCI Limburg-open B"]
[Site "Maastricht"]
[Date "2011.06.12"]
[Round "4"]
[White "Gunther, Marcella"]
[Black "Kuryliw, Ray"]
[Result "1-0"]
[WhiteElo "1904"]
[BlackElo "1831"]
[PlyCount "129"]
[EventDate "2011.06.10"]
[EventType "swiss"]
[EventRounds "7"]
[EventCountry "NED"]
[Source "P.Boonen"]
[SourceDate "2012.01.01"]

1. e4 e6 2. d4 d5 3. Nc3 Bb4 4. e5 c5 5. a3 Bxc3+ 6. bxc3 Ne7 7. Qg4 Qc7 8.
Qxg7 Rg8 9. Qxh7 cxd4 10. Ne2 dxc3 11. f4 Nbc6 12. Qd3 Nf5 13. Rb1 d4 14. Rg1
Qd8 15. h3 b6 16. g3 Bb7 17. Bg2 Qe7 18. Bxc6+ Bxc6 19. Nxd4 Qc5 20. Ne2 Rd8
21. Qxc3 Qxc3+ 22. Nxc3 Rxg3 23. Rxg3 Nxg3 24. Be3 Nf5 25. Bf2 Ke7 26. Nb5 Bxb5
27. Rxb5 Rh8 28. Rb3 Kd7 29. Rc3 Ne7 30. Rd3+ Kc7 31. c4 Ng6 32. Rf3 Kc6 33.
Kd2 Rd8+ 34. Kc2 Rh8 35. Kc3 Rd8 36. Kc2 Rh8 37. a4 Nh4 38. Rc3 Ng6 39. c5 b5
40. axb5+ Kxb5 41. c6 Rc8 42. c7 Nxf4 43. Bxa7 Nd5 44. Rb3+ Nb4+ 45. Kd2 Rxc7
46. Bb8 Rc5 47. Bd6 Rd5+ 48. Ke2 f6 49. Rxb4+ Kc6 50. Re4 fxe5 51. Bxe5 Rb5 52.
Kf3 Rb1 53. Re2 Kd7 54. h4 Ke7 55. h5 Kf7 56. Rg2 Rb5 57. Re2 Kg8 58. Kg4 Kh7
59. Kg5 Rb1 60. Rh2 Rf1 61. Bb2 Rf5+ 62. Kg4 Rf1 63. h6 Rg1+ 64. Kf4 Rg6 65.
Bg7 1-0

[Event "ENCI Limburg-open B"]
[Site "Maastricht"]
[Date "2011.06.12"]
[Round "4"]
[White "Henrotte, Nils"]
[Black "Bondarchuk, Vadim"]
[Result "1/2-1/2"]
[WhiteElo "1963"]
[BlackElo "1992"]
[PlyCount "70"]
[EventDate "2011.06.10"]
[EventType "swiss"]
[EventRounds "7"]
[EventCountry "NED"]
[Source "P.Boonen"]
[SourceDate "2012.01.01"]

1. d4 d5 2. c3 e6 3. Bf4 c5 4. e3 Nc6 5. Nf3 Nf6 6. h3 Be7 7. Be2 O-O 8. Nbd2
c4 9. Qc2 b5 10. g4 Bd6 11. Bxd6 Qxd6 12. g5 Nd7 13. e4 e5 14. dxe5 Ndxe5 15.
exd5 Qxd5 16. O-O-O Qc5 17. Ne4 Qe7 18. Rhg1 Kh8 19. Nxe5 Qxe5 20. Bg4 Qf4+ 21.
Kb1 Ne5 22. Rd4 Nd3 23. Be2 Ne5 24. Bg4 Bxg4 25. hxg4 Nd3 26. Rh1 Qf3 27. Qd1
Qxd1+ 28. Rxd1 Rae8 29. f3 Kg8 30. Rd5 a6 31. Nc5 Nxc5 32. Rxc5 Rd8 33. Rcd5
Rxd5 34. Rxd5 f6 35. a4 fxg5 1/2-1/2

[Event "ENCI Limburg-open B"]
[Site "Maastricht"]
[Date "2011.06.12"]
[Round "4"]
[White "Heuts, John"]
[Black "Loose, Rob"]
[Result "1/2-1/2"]
[WhiteElo "1788"]
[BlackElo "1981"]
[PlyCount "41"]
[EventDate "2011.06.10"]
[EventType "swiss"]
[EventRounds "7"]
[EventCountry "NED"]
[Source "P.Boonen"]
[SourceDate "2012.01.01"]

1. c4 Nc6 2. d4 d5 3. Nf3 Bg4 4. e3 e6 5. Nc3 Nf6 6. a3 Be7 7. Be2 dxc4 8. Bxc4
O-O 9. O-O Qd7 10. b4 Rad8 11. Bb2 Qc8 12. b5 Nb8 13. Be2 c5 14. bxc6 Nxc6 15.
Qa4 Qb8 16. Rac1 Bh5 17. h3 Nd7 18. Ne4 Bg6 19. Ng3 Nb6 20. Qb3 Rc8 21. Ne5
1/2-1/2

[Event "ENCI Limburg-open B"]
[Site "Maastricht"]
[Date "2011.06.12"]
[Round "4"]
[White "Hollands, Maxim"]
[Black "De Kleuver, Jonathan"]
[Result "0-1"]
[WhiteElo "1851"]
[BlackElo "1934"]
[PlyCount "46"]
[EventDate "2011.06.10"]
[EventType "swiss"]
[EventRounds "7"]
[EventCountry "NED"]
[Source "P.Boonen"]
[SourceDate "2012.01.01"]

1. d4 Nf6 2. c4 e5 3. d5 Bb4+ 4. Bd2 Bxd2+ 5. Qxd2 d6 6. Nc3 O-O 7. e4 Ne8 8.
Bd3 f5 9. exf5 Bxf5 10. Bxf5 Rxf5 11. Nf3 Nd7 12. O-O c6 13. Qd3 Rf4 14. dxc6
bxc6 15. b4 Ndf6 16. Rad1 Qb6 17. c5 Qxb4 18. cxd6 Rd8 19. Nxe5 Rxd6 20. Qc2
Rfd4 21. Rxd4 Qxd4 22. Qb3+ Nd5 23. Nxc6 Qxc3 0-1

[Event "ENCI Limburg-open B"]
[Site "Maastricht"]
[Date "2011.06.12"]
[Round "4"]
[White "Holwijn, Melvin"]
[Black "Begri, Felix"]
[Result "1-0"]
[WhiteElo "2009"]
[BlackElo "1888"]
[PlyCount "69"]
[EventDate "2011.06.10"]
[EventType "swiss"]
[EventRounds "7"]
[EventCountry "NED"]
[Source "P.Boonen"]
[SourceDate "2012.01.01"]

1. d4 Nf6 2. c4 e6 3. Nf3 b6 4. Bg5 Bb7 5. e3 d5 6. cxd5 exd5 7. Nc3 h6 8. Bh4
Be7 9. Bd3 Nbd7 10. O-O O-O 11. Rc1 Ne4 12. Bxe7 Qxe7 13. Qe2 a5 14. Rfd1 f5
15. g3 Ndf6 16. Ne5 Rf7 17. Nxf7 Qxf7 18. Nb5 c6 19. f3 cxb5 20. fxe4 fxe4 21.
Bxb5 Bc8 22. Qf2 Bg4 23. Be2 Bh3 24. g4 Bxg4 25. Bxg4 Nxg4 26. Qxf7+ Kxf7 27.
Re1 Ra7 28. h3 Nf6 29. Rc6 Rb7 30. Rec1 Ne8 31. Rc8 g5 32. R1c6 h5 33. Rd8 g4
34. Rxd5 gxh3 35. Rxh5 1-0

[Event "ENCI Limburg-open B"]
[Site "Maastricht"]
[Date "2011.06.12"]
[Round "4"]
[White "Huebben, Dominik"]
[Black "Meyes, Richard"]
[Result "1/2-1/2"]
[WhiteElo "1747"]
[BlackElo "1749"]
[PlyCount "120"]
[EventDate "2011.06.10"]
[EventType "swiss"]
[EventRounds "7"]
[EventCountry "NED"]
[Source "P.Boonen"]
[SourceDate "2012.01.01"]

1. e4 c6 2. d4 d5 3. exd5 cxd5 4. Bd3 Nc6 5. Nf3 Bg4 6. c3 Qc7 7. O-O Nf6 8.
Re1 e6 9. Nbd2 Bd6 10. h3 Bxf3 11. Nxf3 h6 12. a4 O-O 13. Bd2 Rfe8 14. Qc1 e5
15. dxe5 Nxe5 16. Nxe5 Bxe5 17. Qc2 Re7 18. Re2 Rae8 19. Rae1 d4 20. cxd4 Bh2+
21. Kf1 Rxe2 22. Rxe2 Rd8 23. Qxc7 Bxc7 24. Bc3 Bb6 25. Rd2 Kf8 26. Bb1 Nd5 27.
Ba2 Nxc3 28. bxc3 Ba5 29. Rd3 f6 30. c4 Bb6 31. d5 Bc5 32. Rd2 a5 33. g3 Re8
34. Bb1 Re5 35. Bg6 Ke7 36. Kg2 b6 37. g4 Bb4 38. Rd3 Bc5 39. Rd2 Bb4 40. Rc2
Bc5 41. Kf1 Bb4 42. Re2 Rxe2 43. Kxe2 Bc5 44. f4 Bd6 45. Kf3 Bc5 46. Ke4 Bb4
47. Bf5 Bc5 48. Bc8 Bb4 49. Bb7 Bc5 50. Kf5 Bb4 51. Kg6 Kf8 52. h4 Bd6 53. f5
Bb4 54. g5 hxg5 55. hxg5 fxg5 56. Kxg5 Ke7 57. Kg6 Bc3 58. Bc6 Kd6 59. Bb5 Bd4
60. Kf7 Be5 1/2-1/2

[Event "ENCI Limburg-open B"]
[Site "Maastricht"]
[Date "2011.06.12"]
[Round "4"]
[White "Ingelaere, Frederic"]
[Black "Schloemer, Armin"]
[Result "1/2-1/2"]
[WhiteElo "1767"]
[BlackElo "1717"]
[PlyCount "50"]
[EventDate "2011.06.10"]
[EventType "swiss"]
[EventRounds "7"]
[EventCountry "NED"]
[Source "P.Boonen"]
[SourceDate "2012.01.01"]

1. e4 c5 2. Nf3 d6 3. d4 cxd4 4. Nxd4 Nf6 5. Nc3 a6 6. Be3 e5 7. Nb3 Be6 8. f3
Be7 9. Qd2 Nbd7 10. O-O-O Rc8 11. g4 b5 12. g5 b4 13. Ne2 Nh5 14. h4 a5 15. Kb1
Qc7 16. Bh3 a4 17. Bxe6 fxe6 18. Nbc1 Nb6 19. b3 axb3 20. cxb3 O-O 21. f4 exf4
22. Nxf4 Nxf4 23. Bxf4 Rxf4 24. Qxf4 Qc2+ 25. Ka1 Qc3+ 1/2-1/2

[Event "ENCI Limburg-open B"]
[Site "Maastricht"]
[Date "2011.06.12"]
[Round "4"]
[White "Ingelaere, Tijl"]
[Black "Braam, Marco"]
[Result "1/2-1/2"]
[WhiteElo "1737"]
[BlackElo "1751"]
[PlyCount "51"]
[EventDate "2011.06.10"]
[EventType "swiss"]
[EventRounds "7"]
[EventCountry "NED"]
[Source "P.Boonen"]
[SourceDate "2012.01.01"]

1. e4 d5 2. exd5 Qxd5 3. Nc3 Qd6 4. Nf3 Bg4 5. Be2 Nf6 6. d3 c6 7. Nd2 Bxe2 8.
Qxe2 e6 9. Nde4 Nxe4 10. Qxe4 Qc7 11. Be3 Nd7 12. O-O Bd6 13. h3 Nf6 14. Qf3
O-O 15. Ne4 Nxe4 16. Qxe4 Qd7 17. Bf4 Bxf4 18. Qxf4 Qd5 19. Rfe1 Rac8 20. Qe4
Qc5 21. Re2 Rfd8 22. c3 Rd5 23. d4 Qd6 24. Rd1 c5 25. Red2 c4 26. Re1 1/2-1/2

[Event "ENCI Limburg-open B"]
[Site "Maastricht"]
[Date "2011.06.12"]
[Round "4"]
[White "Jansen, Michiel"]
[Black "De Bruin, Joost"]
[Result "1-0"]
[WhiteElo "1849"]
[BlackElo "1778"]
[PlyCount "93"]
[EventDate "2011.06.10"]
[EventType "swiss"]
[EventRounds "7"]
[EventCountry "NED"]
[Source "P.Boonen"]
[SourceDate "2012.01.01"]

1. e4 e6 2. d4 d5 3. Nd2 Nf6 4. e5 Nfd7 5. Bd3 c5 6. c3 Nc6 7. Ngf3 Qb6 8. O-O
Be7 9. dxc5 Nxc5 10. Bc2 O-O 11. Nb3 Nd7 12. Re1 f6 13. exf6 Nxf6 14. Ng5 e5
15. Bxh7+ Nxh7 16. Qxd5+ Kh8 17. Nf7+ Rxf7 18. Qxf7 Bd7 19. Be3 Qc7 20. Nc5 Rf8
21. Qh5 Bc8 22. Rad1 Kg8 23. Ne4 Nf6 24. Nxf6+ Bxf6 25. Rd2 Rd8 26. Rxd8+ Qxd8
27. Rd1 Qe7 28. g4 Qf7 29. Qxf7+ Kxf7 30. g5 Be7 31. h4 Ke6 32. Kg2 Kf5 33. Kg3
Be6 34. b4 a6 35. Bb6 e4 36. a3 Ne5 37. Bd8 Bxd8 38. Rxd8 Nc4 39. Rf8+ Ke5 40.
h5 Bf5 41. Rf7 e3 42. fxe3 Nxe3 43. Rxb7 Nf1+ 44. Kf2 Nh2 45. Rxg7 Kf4 46. h6
Ng4+ 47. Ke2 1-0

[Event "ENCI Limburg-open B"]
[Site "Maastricht"]
[Date "2011.06.12"]
[Round "4"]
[White "Karstens, Lex"]
[Black "Tsiros, Fragkiskos Vlasios"]
[Result "1-0"]
[WhiteElo "1861"]
[BlackElo "1708"]
[PlyCount "25"]
[EventDate "2011.06.10"]
[EventType "swiss"]
[EventRounds "7"]
[EventCountry "NED"]
[Source "P.Boonen"]
[SourceDate "2012.01.01"]

1. d4 Nf6 2. Bg5 d5 3. Bxf6 gxf6 4. c4 dxc4 5. e3 Rg8 6. Qh5 Rg5 7. Qxh7 Bf5 8.
Qh4 Qd6 9. Nc3 Qb4 10. O-O-O Bd3 11. Bxd3 cxd3 12. Nf3 Rxg2 13. Qh3 1-0

[Event "ENCI Limburg-open B"]
[Site "Maastricht"]
[Date "2011.06.12"]
[Round "4"]
[White "Keetman, Maaike"]
[Black "Jakob, Matthias1"]
[Result "1-0"]
[WhiteElo "1657"]
[BlackElo "1997"]
[PlyCount "55"]
[EventDate "2011.06.10"]
[EventType "swiss"]
[EventRounds "7"]
[EventCountry "NED"]
[Source "P.Boonen"]
[SourceDate "2012.01.01"]

1. e4 e6 2. d4 d5 3. e5 c5 4. c3 Nc6 5. Nf3 Nh6 6. a3 Qb6 7. b4 cxd4 8. cxd4
Nf5 9. Bb2 Be7 10. Bd3 O-O 11. O-O a5 12. b5 a4 13. Bxf5 exf5 14. Nc3 Be6 15.
Rb1 Na5 16. Nxa4 Qxb5 17. Bc3 Qc6 18. Bb4 Bxb4 19. axb4 Nc4 20. Ra1 Rxa4 21.
Qxa4 Qb6 22. Rfc1 f6 23. Qa7 Qb5 24. exf6 Rxf6 25. Qc5 Qe8 26. Ra7 Rf7 27. Rca1
Rf8 28. Rxb7 1-0

[Event "ENCI Limburg-open B"]
[Site "Maastricht"]
[Date "2011.06.12"]
[Round "4"]
[White "Lafosse, Jimmy"]
[Black "Gendarme, Pierre"]
[Result "1-0"]
[WhiteElo "2037"]
[BlackElo "1821"]
[PlyCount "31"]
[EventDate "2011.06.10"]
[EventType "swiss"]
[EventRounds "7"]
[EventCountry "NED"]
[Source "P.Boonen"]
[SourceDate "2012.01.01"]

1. d4 Nf6 2. Bg5 e6 3. e4 Be7 4. Nd2 O-O 5. Bd3 c5 6. c3 cxd4 7. cxd4 Nc6 8.
Ngf3 Qa5 9. e5 Ne8 10. Bxe7 Nxe7 11. Bxh7+ Kxh7 12. Ng5+ Kg6 13. Qg4 Rh8 14.
Nxe6+ Kh7 15. Qh4+ Kg8 16. Qxe7 1-0

[Event "ENCI Limburg-open B"]
[Site "Maastricht"]
[Date "2011.06.12"]
[Round "4"]
[White "Lecomte, Robin"]
[Black "Singh, Marcel"]
[Result "1/2-1/2"]
[WhiteElo "1791"]
[BlackElo "1904"]
[PlyCount "86"]
[EventDate "2011.06.10"]
[EventType "swiss"]
[EventRounds "7"]
[EventCountry "NED"]
[Source "P.Boonen"]
[SourceDate "2012.01.01"]

1. Nf3 Nf6 2. g3 b6 3. Bg2 Bb7 4. O-O d5 5. d4 e6 6. c4 dxc4 7. Qa4+ Nbd7 8.
Qxc4 c5 9. Nc3 cxd4 10. Nxd4 Bxg2 11. Kxg2 Bc5 12. b4 Bxd4 13. Qxd4 O-O 14. Rd1
Qc7 15. Bb2 Rac8 16. Kg1 Qc4 17. Rac1 Qa6 18. g4 Rc4 19. Qe3 Rxg4+ 20. Kh1 Rxb4
21. Ba1 Rg4 22. Rg1 Qc4 23. Rxg4 Qxg4 24. Rg1 Qh4 25. f3 e5 26. Nb5 Qf4 27.
Qxf4 exf4 28. Bxf6 Nxf6 29. Nxa7 Ra8 30. Rc1 Kf8 31. Rc7 Nd5 32. Rb7 f6 33. Kg2
Nc3 34. Kf2 Nxa2 35. Nb5 Nc1 36. Rxb6 Ra2 37. Nd4 Kf7 38. Ke1 Ra4 39. Ne6 Na2
40. Nc5 Rb4 41. Ra6 Nc3 42. Ra7+ Kg8 43. Ne6 Rb2 1/2-1/2

[Event "ENCI Limburg-open B"]
[Site "Maastricht"]
[Date "2011.06.12"]
[Round "4"]
[White "Lenaerts, Lennert"]
[Black "Johnen, Franz"]
[Result "1-0"]
[WhiteElo "1867"]
[BlackElo "1842"]
[PlyCount "113"]
[EventDate "2011.06.10"]
[EventType "swiss"]
[EventRounds "7"]
[EventCountry "NED"]
[Source "P.Boonen"]
[SourceDate "2012.01.01"]

1. d4 d5 2. Nf3 e6 3. e3 c5 4. b3 Nc6 5. Bb2 Nf6 6. Bd3 Be7 7. Nbd2 O-O 8. O-O
b6 9. Ne5 Nxe5 10. dxe5 Nd7 11. f4 f5 12. exf6 Bxf6 13. Qh5 g6 14. Bxf6 gxh5
15. Bxd8 Rxd8 16. Nf3 h6 17. Bg6 Nf6 18. Ne5 Kg7 19. Bd3 Ng4 20. Nxg4 hxg4 21.
Rad1 Bb7 22. Rfe1 Kf6 23. Kf2 Rh8 24. e4 dxe4 25. Bxe4 Bxe4 26. Rxe4 Rad8 27.
Rde1 Rd6 28. g3 h5 29. h3 Rhd8 30. hxg4 hxg4 31. Rh1 Rd2+ 32. Re2 Rxe2+ 33.
Kxe2 Rd5 34. Rh6+ Kf5 35. c4 Rd6 36. Rh5+ Ke4 37. Re5+ Kd4 38. Kd2 Rd8 39. Rh5
Ke4+ 40. Ke2 Kd4 41. Re5 Rh8 42. Kf1 Rh1+ 43. Kg2 Ra1 44. Rxe6 Rxa2+ 45. Kg1
Rb2 46. f5 Rb1+ 47. Kg2 Rb2+ 48. Kf1 Rb1+ 49. Re1 Rxb3 50. Kf2 Rb2+ 51. Kg1 Rd2
52. f6 Kxc4 53. f7 Rd8 54. Re8 Rd1+ 55. Kg2 Rd2+ 56. Kf1 Rd1+ 57. Ke2 1-0

[Event "ENCI Limburg-open B"]
[Site "Maastricht"]
[Date "2011.06.12"]
[Round "4"]
[White "Machiroux, Bruno"]
[Black "Bok, Gidius"]
[Result "0-1"]
[WhiteElo "1773"]
[BlackElo "1710"]
[PlyCount "40"]
[EventDate "2011.06.10"]
[EventType "swiss"]
[EventRounds "7"]
[EventCountry "NED"]
[Source "P.Boonen"]
[SourceDate "2012.01.01"]

1. d4 d5 2. c4 e6 3. Nc3 Nf6 4. Nf3 c5 5. cxd5 exd5 6. Bg5 Be6 7. g3 Nc6 8. Bg2
Be7 9. O-O O-O 10. dxc5 Bxc5 11. Rc1 Be7 12. Na4 Qa5 13. a3 Rac8 14. b4 Qd8 15.
Nc5 b6 16. Nxe6 fxe6 17. Bh3 Qd7 18. b5 Na5 19. Nd4 Rxc1 20. Bxe6+ Qxe6 0-1

[Event "ENCI Limburg-open B"]
[Site "Maastricht"]
[Date "2011.06.12"]
[Round "4"]
[White "Maurissen, Wim"]
[Black "Schubert, Karl"]
[Result "0-1"]
[WhiteElo "1906"]
[BlackElo "1838"]
[PlyCount "72"]
[EventDate "2011.06.10"]
[EventType "swiss"]
[EventRounds "7"]
[EventCountry "NED"]
[Source "P.Boonen"]
[SourceDate "2012.01.01"]

1. d4 d6 2. Bg5 g6 3. c3 Bg7 4. Nf3 f5 5. Qb3 c6 6. h4 h6 7. Bf4 Nf6 8. Nbd2
Nd5 9. e3 Nd7 10. Bc4 N7b6 11. Bxd5 Nxd5 12. O-O-O Qb6 13. Qxb6 axb6 14. a3 Be6
15. Kc2 b5 16. Ne1 Nxf4 17. exf4 Kf7 18. Nd3 b6 19. Nb4 c5 20. d5 Bc8 21. Na2
Bb7 22. Nf1 Rhc8 23. Kb1 Ra4 24. g3 e5 25. dxe6+ Kxe6 26. Rg1 Be4+ 27. Ka1 b4
28. Nd2 bxc3 29. Nxc3 Bxc3 30. bxc3 Rxa3+ 31. Kb2 Rca8 32. Rge1 Ra2+ 33. Kb3
R8a3+ 34. Kc4 b5+ 35. Kxb5 Rb2+ 36. Kc4 Ra4# 0-1

[Event "ENCI Limburg-open B"]
[Site "Maastricht"]
[Date "2011.06.12"]
[Round "4"]
[White "Memeti, Kushtrim"]
[Black "Sofic, Narcis"]
[Result "0-1"]
[WhiteElo "1830"]
[BlackElo "1906"]
[PlyCount "40"]
[EventDate "2011.06.10"]
[EventType "swiss"]
[EventRounds "7"]
[EventCountry "NED"]
[Source "P.Boonen"]
[SourceDate "2012.01.01"]

1. d4 d5 2. Bf4 Nf6 3. e3 c6 4. c3 Bf5 5. Nd2 e6 6. Be2 Bd6 7. Bg3 Bxg3 8. hxg3
Nbd7 9. Ngf3 h6 10. Ne5 Nxe5 11. dxe5 Nd7 12. f4 Qb6 13. e4 Bxe4 14. Nxe4 dxe4
15. Qd2 O-O-O 16. Qc1 Nc5 17. Qc2 Nd3+ 18. Bxd3 Rxd3 19. Rd1 Qe3+ 20. Qe2 Rxd1+
0-1

[Event "ENCI Limburg-open B"]
[Site "Maastricht"]
[Date "2011.06.12"]
[Round "4"]
[White "Modder, Frank"]
[Black "Yue, Tim"]
[Result "0-1"]
[WhiteElo "1901"]
[BlackElo "1767"]
[PlyCount "150"]
[EventDate "2011.06.10"]
[EventType "swiss"]
[EventRounds "7"]
[EventCountry "NED"]
[Source "P.Boonen"]
[SourceDate "2012.01.01"]

1. d4 Nf6 2. Nf3 g6 3. Nc3 d5 4. Bf4 c6 5. Qd2 Bg7 6. Bh6 O-O 7. Bxg7 Kxg7 8.
Ne5 Nbd7 9. Nxd7 Bxd7 10. f3 b5 11. g4 Qc7 12. e3 Rfe8 13. O-O-O b4 14. Ne2 a5
15. Ng3 h6 16. Bd3 c5 17. dxc5 Qxc5 18. h4 Ng8 19. Be2 e5 20. f4 Rac8 21. Kb1
f6 22. f5 g5 23. hxg5 fxg5 24. Bf3 Ba4 25. Rh2 e4 26. Bh1 Nf6 27. Nh5+ Nxh5 28.
gxh5 Rf8 29. b3 Bc6 30. Rf2 Rf6 31. Bg2 a4 32. Qd4 Qxd4 33. Rxd4 axb3 34. cxb3
Rb8 35. Bh3 Rd6 36. Bg2 Rf6 37. Bh3 Kf7 38. Rc2 Rb5 39. Bf1 Rb6 40. Bh3 Ke7 41.
Rcd2 Rf7 42. Bg4 Kf6 43. Kb2 Ke5 44. Kb1 Rf6 45. Kb2 Rd6 46. Kb1 Bd7 47. Rf2
Rf6 48. Rfd2 Rfd6 49. Rf2 Bb5 50. f6 Rxf6 51. Rxf6 Rxf6 52. Rxb4 Bd3+ 53. Kb2
Rf2+ 54. Ka3 Be2 55. Bc8 Bxh5 56. Rb6 Rf6 57. Rb7 g4 58. Rg7 d4 59. exd4+ Kxd4
60. Bxg4 Bxg4 61. Rxg4 Kd3 62. b4 e3 63. b5 e2 64. Rg3+ Kd2 65. Rg2 Kd1 66.
Rxe2 Kxe2 67. Kb4 Rf4+ 68. Ka5 h5 69. b6 h4 70. b7 Rf8 71. a4 h3 72. Kb6 h2 73.
Ka7 h1=Q 74. b8=Q Rxb8 75. Kxb8 Qa1 0-1

[Event "ENCI Limburg-open B"]
[Site "Maastricht"]
[Date "2011.06.12"]
[Round "4"]
[White "Mollema, Thomas"]
[Black "Tuerlinckx, Ben"]
[Result "1-0"]
[WhiteElo "1884"]
[BlackElo "1942"]
[PlyCount "83"]
[EventDate "2011.06.10"]
[EventType "swiss"]
[EventRounds "7"]
[EventCountry "NED"]
[Source "P.Boonen"]
[SourceDate "2012.01.01"]

1. e4 c5 2. Nf3 d6 3. d4 cxd4 4. Nxd4 Nf6 5. Nc3 g6 6. Be3 Bg7 7. Be2 O-O 8. g4
a6 9. h4 b5 10. g5 Nfd7 11. h5 Nc5 12. Bd3 Bb7 13. hxg6 fxg6 14. Qg4 e5 15. Nb3
Nxd3+ 16. cxd3 b4 17. Ne2 Qe7 18. Na5 Bc8 19. Qh4 Bh8 20. Rc1 Be6 21. b3 Nd7
22. Nc6 Qf7 23. Nxb4 Rfc8 24. Nc3 Nc5 25. Kd2 Rab8 26. Bxc5 dxc5 27. Nbd5 Rf8
28. Rh2 Rbd8 29. Rch1 Rd7 30. Ne3 c4 31. Ncd5 cxd3 32. Rc1 Qf3 33. Re1 Rc8 34.
Nc4 Rxc4 35. bxc4 Rb7 36. Re3 Qf8 37. Rxd3 Bxd5 38. Rxd5 Rb2+ 39. Ke3 Qa3+ 40.
Rd3 Qc5+ 41. Kf3 Qf8+ 42. Kg2 1-0

[Event "ENCI Limburg-open B"]
[Site "Maastricht"]
[Date "2011.06.12"]
[Round "4"]
[White "Moog, Gerhard"]
[Black "Cillen, Jeroen"]
[Result "1-0"]
[WhiteElo "1944"]
[BlackElo "1892"]
[PlyCount "65"]
[EventDate "2011.06.10"]
[EventType "swiss"]
[EventRounds "7"]
[EventCountry "NED"]
[Source "P.Boonen"]
[SourceDate "2012.01.01"]

1. e4 c5 2. Nf3 d6 3. d4 cxd4 4. Qxd4 Nf6 5. Nc3 Bd7 6. Bg5 Nc6 7. Qd2 Qa5 8.
Bxf6 gxf6 9. Nd5 Qxd2+ 10. Nxd2 Rc8 11. O-O-O Rg8 12. g3 f5 13. Kb1 Bg7 14.
exf5 Bxf5 15. Ne3 Bd7 16. Bg2 Bf8 17. Rhe1 Rg5 18. Ne4 Ra5 19. Nc4 Be6 20. Nxa5
Nxa5 21. f4 Kd7 22. b3 Bg7 23. Bf3 h6 24. g4 f5 25. gxf5 Bxf5 26. Rd5 e6 27.
Rxa5 d5 28. Nc5+ Ke8 29. Nd3 Bc3 30. Rxa7 Bxe1 31. Nxe1 Rc7 32. Be2 Rg7 33. Kc1
1-0

[Event "ENCI Limburg-open B"]
[Site "Maastricht"]
[Date "2011.06.12"]
[Round "4"]
[White "Olmos Sanz, Francisco J"]
[Black "Kranenburg, Sebastiaan"]
[Result "1/2-1/2"]
[WhiteElo "1761"]
[BlackElo "1618"]
[PlyCount "87"]
[EventDate "2011.06.10"]
[EventType "swiss"]
[EventRounds "7"]
[EventCountry "NED"]
[Source "P.Boonen"]
[SourceDate "2012.01.01"]

1. c4 f5 2. Nf3 Nf6 3. Nc3 g6 4. Qc2 d6 5. d3 Bg7 6. g3 e5 7. Bd2 Nc6 8. a3 O-O
9. Bg2 a6 10. Rb1 Re8 11. O-O e4 12. dxe4 fxe4 13. Ng5 e3 14. Bxe3 Bf5 15. Qd2
Bxb1 16. Bd5+ Kf8 17. Ne6+ Rxe6 18. Bxe6 Bf5 19. Bxf5 gxf5 20. Bg5 Qd7 21. Re1
Re8 22. Bh6 Bxh6 23. Qxh6+ Qg7 24. Qc1 Re5 25. Rd1 Na5 26. e3 Nb3 27. Qc2 Nc5
28. Ne2 Qg4 29. Nf4 h5 30. Rd4 Re4 31. b4 Rxd4 32. exd4 Nce4 33. Kg2 Qg8 34. f3
Ng5 35. Qxf5 Ke7 36. d5 h4 37. Ng6+ Kf7 38. Nxh4 Ngh7 39. Qe6+ Kg7 40. Qe7+ Kh6
41. Qxc7 Qe8 42. Nf5+ Kg5 43. Nh4 Qe2+ 44. Kg1 1/2-1/2